Nombres de 0 a 100 en 40 secondes - Statistiques

Statistiques générales
  • Ce quiz a été pris 2 431 fois
  • Le résultat moyen est 47 sur 101
Statistiques - réponses
Nombre % Correct
0
99%
1
95%
2
92%
3
91%
4
89%
5
89%
6
89%
7
88%
8
88%
9
87%
10
86%
11
84%
12
83%
13
83%
14
82%
15
82%
16
81%
17
81%
18
80%
19
79%
20
78%
21
77%
22
76%
23
75%
24
74%
25
73%
26
72%
27
72%
28
71%
29
71%
30
69%
31
68%
32
68%
33
67%
34
66%
35
65%
36
63%
37
63%
38
63%
39
62%
40
60%
41
60%
42
59%
43
58%
44
56%
45
54%
46
53%
47
52%
48
51%
49
50%
50
48%
51
45%
52
44%
53
43%
54
42%
55
41%
56
40%
57
38%
58
37%
59
36%
60
34%
61
32%
62
31%
63
30%
64
29%
65
29%
66
26%
67
25%
68
24%
69
23%
70
21%
71
20%
72
20%
73
20%
74
19%
75
19%
76
19%
77
18%
78
16%
79
15%
80
13%
81
12%
82
12%
83
11%
84
11%
85
11%
86
10%
87
9%
88
9%
89
8%
90
7%
91
6%
92
6%
93
5%
94
4%
95
4%
96
4%
97
3%
98
3%
100
2%
99
2%
Aucun quiz correspondant
Distribution des résultats
% des personnes avec chaque résultat
Percentile par nombre de réponses
Votre historique - résultats
Vous n’avez pas pris ce quiz